00726 a2200217 4500020001500000020001800015082001100033090001500044100002000059245009300079250001500172260003100187300002100218490004700239700001900286700002300305830004700328942002400375999001700399952009200416 a354030729X a9783540307297 a003.54 c1479d14791 aNebe, Gabriele.10aSelf-dual codes and invariant theory /cGabriele Nebe, Eric M. Rains, Neil J. A. Sloane. a2006th ed. a[S.l.] :bSpringer,c2006. a457 p. ;c25 cm.1 aAlgorithms and computation in mathematics.1 aRains, Eric M.1 aSloane, Neil J. A. 0aAlgorithms and computation in mathematics. aSNScBKk003.54 NEB c30090d30090 00104070aSNSbSNSd2016-05-26l0o003.54 NEBpSNS0000600r2016-05-26w2016-05-26yBK